000 00324 a2200145 4500
001 154893
040 _cEscola São Tomás de Aquino
100 _aFIUZA, Fa
240 1 0 _aTem livro que tem
_lpor
245 1 0 _aTem livro que tem
362 0 _a2011
440 1 _aAutêntica
697 _a*LITERATURA INFANTIL
942 _cBK
999 _c154893
_d154893